| 000 | 00724nam a2200229 a 4500 | ||
|---|---|---|---|
| 001 | BRCA_8044 | ||
| 005 | 20190320210116.0 | ||
| 008 | 260314s1964----mx-a###f##---#001-0#spa-# | ||
| 041 | _aspa | ||
| 044 | _amx | ||
| 050 | 4 |
_aHG2714 _b.C54 1 1964 |
|
| 245 | 1 | 0 |
_a100 [i.e. Cien] años de Banca en México _bprimer centenario del Banco de Londres y México S.A. |
| 260 |
_aMéxico _bBanco de México _c1964 |
||
| 300 |
_a145 p. _bil. (algunas a color) _c28 cm. |
||
| 500 | _aEdición especial dedicada al señor Franz Mayer | ||
| 500 | _aEjemplar igual a Y74 | ||
| 500 | _aY31 | ||
| 650 | 1 | 4 |
_aCentenario _vBanco de Londres y México _919995 |
| 710 | 2 |
_aBanco de Londres y México _919996 |
|
| 902 | _aGFM | ||
| 942 |
_2lcc _cB |
||
| 999 |
_c7712 _d7712 |
||